ՀՀ Գիտությունների ազգային ակադեմիայի հիմնարար գիտական գրադարան  =   Fundamental Scientific Library of NAS RA

Շարականների ժանրը հայ միջնադարյան գրականության մեջ : (Record no. 12220)

MARC details
000 -LEADER
fixed length control field 01334nam a2200229 a 4500
001 - CONTROL NUMBER
control field 000028003
003 - CONTROL NUMBER IDENTIFIER
control field AM-YEHGA
005 - DATE AND TIME OF LATEST TRANSACTION
control field 20251225132716.0
008 - FIXED-LENGTH DATA ELEMENTS--GENERAL INFORMATION
fixed length control field 980306s1980 ai ||||fr|||||||||0|arm|d
040 ## - CATALOGING SOURCE
Original cataloging agency AM-YeHGA
041 0# - LANGUAGE CODE
Language code of text/sound track or separate title arm
100 1# - MAIN ENTRY--PERSONAL NAME
Personal name Հակոբյան, Գրիգոր Արշակի,
Dates associated with a name 1907-1981
9 (RLIN) 1214
245 10 - TITLE STATEMENT
Title Շարականների ժանրը հայ միջնադարյան գրականության մեջ :
Remainder of title (V-XV դդ.) = Жанр шараканов в средневековой армянской литературе : (V-XVвв.) /
Statement of responsibility, etc. Գ.Ա. Հակոբյան ; Պատ. խմբ. Գ.Վ. Աբգարյան ; ՀՍՍՀ ԳԱ Մ. Աբեղյանի անվ գրակ. ին-տ.
246 11 - VARYING FORM OF TITLE
Title proper/short title Жанр шараканов в средневековой армянской литературе (V-XVвв.)
260 ## - PUBLICATION, DISTRIBUTION, ETC.
Place of publication, distribution, etc. Երևան :
Name of publisher, distributor, etc. ՀՍՍՀ ԳԱ հրատ.,
Date of publication, distribution, etc. 1980.
300 ## - PHYSICAL DESCRIPTION
Extent 428 էջ ;
Dimensions 21 սմ.
650 14 - SUBJECT ADDED ENTRY--TOPICAL TERM
Topical term or geographic name entry element Հայ գրականագիտություն
General subdivision Շարականներ
Active dates Միջնադար
700 1# - ADDED ENTRY--PERSONAL NAME
Personal name Աբգարյան, Գևորգ Վահագնի,
Dates associated with a name 1920-1998
Relator term կազմ.
Relationship edt
9 (RLIN) 75
710 2# - ADDED ENTRY--CORPORATE NAME
Corporate name or jurisdiction name as entry element Մ. Աբեղյանի անվան գրականության ինստիտուտ ՀՍՍՀ ԳԱ
856 41 - ELECTRONIC LOCATION AND ACCESS
Uniform Resource Identifier <a href="https://arar.sci.am/dlibra/publication/427071/edition/395323/content">https://arar.sci.am/dlibra/publication/427071/edition/395323/content</a>
Link text Կարդալ առցանց
942 ## - ADDED ENTRY ELEMENTS (KOHA)
Source of classification or shelving scheme Universal Decimal Classification
Koha item type Գրքեր / Books
Holdings
Withdrawn status Lost status Source of classification or shelving scheme Damaged status Not for loan Home library Current library Date acquired Total checkouts Full call number Barcode Date last seen Price effective from Koha item type Public note
    Universal Decimal Classification     Fundamental Scientific Library Fundamental Scientific Library 21/12/2016   AII/63065 220063065 21/12/2016 21/12/2016 Գրքեր / Books 30 Days Loan
    Universal Decimal Classification     Fundamental Scientific Library Fundamental Scientific Library 21/12/2016   AII/63190 220063190 21/12/2016 21/12/2016 Գրքեր / Books 30 Days Loan
    Universal Decimal Classification     Fundamental Scientific Library Fundamental Scientific Library 21/12/2016   AII/63191 220063191 21/12/2016 21/12/2016 Գրքեր / Books 30 Days Loan


ՀՀ ԳԱԱ հիմնարար գիտական գրադարան
ՀՀ,Երևան 0019
Մարշալ Բաղրամյան 24/6
հեռախոս:(374-10) 52-47-50
Հետադարձ կապ

All site content, except where otherwise noted, is licensed under a
Creative Commons License